000 00697nam a2200229Ia 4500
003 OSt
005 20220918230938.0
006 a|||||r|||| 00| 0
007 ta
008 220917b |||||||| |||| 00| 0 eng d
024 _a261,702
037 _cTextual
040 _aARTS
_cARTS
_beng
041 _2eng
_aeng
082 _a/\42:87, L51.1.3
100 _aKlong-chen rab-'byams-pa
_9153551
245 0 _aKindly bent to ease Us translated from the Tibetan and annotated by Herbert V Guenther
260 _aCalifornia
_bDharma Publishing
_c1976
650 _aSPIRITUALISM
942 _h/\42:87, L51.1.3
_cTEXL
_2CC
999 _c289334
_d289334